书目信息 |
| 题名: |
第三帝国的灭亡
|
|
| 作者: | 安德森 著 ;方文军 译 | |
| 分册: | ||
| 出版信息: | 上海 上海三联书店 2021 |
|
| 页数: | 312页, [1] 页图版 | |
| 开本: | 23cm | |
| 丛书名: | 视觉历史 | |
| 单 册: | ||
| 中图分类: | K516.44 | |
| 科图分类: | ||
| 主题词: | 德意志第三帝国--de yi zhi di san di guo--史料 | |
| 电子资源: | ||
| ISBN: | 978-7-5426-7138-7 | |
| 000 | 01244nam 2200289 450 | |
| 001 | 2167375153 | |
| 005 | 20211112184302.81 | |
| 010 | @a978-7-5426-7138-7@dCNY88.00 | |
| 100 | @a20201215d2021 em y0chiy50 ea | |
| 101 | 1 | @achi@ceng |
| 102 | @aCN@b310000 | |
| 105 | @aabf z 000yy | |
| 200 | 1 | @a第三帝国的灭亡@Adi san di guo de mie wang@e从诺曼底登陆到易北河会师@f(英) 邓肯·安德森著@d= The fall of the reich@efrom D-Day to the Elbe@fDuncan Anderson@g方文军等译@zeng |
| 210 | @a上海@c上海三联书店@d2021 | |
| 215 | @a312页, [1] 页图版@c图, 地图@d23cm@e手册1册 (31页 ; 22cm) | |
| 225 | 2 | @a视觉历史@Ashi jue li shi |
| 307 | @a附书: 第二次世界大战中的美国战舰 | |
| 330 | @a本书详述了诺曼底登陆、从诺曼底滩头向内陆推进、解放巴黎、“龙骑兵行动”、“市场花园行动”、“突出部战役”、强渡莱茵河等一系列重大战役。 | |
| 410 | 0 | @12001 @a视觉历史 |
| 500 | 10 | @aFall of the reich : from D-day to the Elbe@mChinese |
| 517 | 1 | @a从诺曼底登陆到易北河会师@Acong nuo man di deng lu dao yi bei he hui shi |
| 606 | 0 | @a德意志第三帝国@Ade yi zhi di san di guo@j史料 |
| 690 | @aK516.44@v5 | |
| 701 | 1 | @a安德森@Aan de sen@g(Anderson, Duncan)@4著 |
| 702 | 0 | @a方文军@Afang wen jun@4译 |
| 801 | 0 | @aCN@bBP@c20201215 |
| 905 | @aZUCC@dK516.44@e11 | |
| 第三帝国的灭亡:从诺曼底登陆到易北河会师/(英) 邓肯·安德森著= The fall of the reich:from D-Day to the Elbe/Duncan Anderson/方文军等译.-上海:上海三联书店,2021 |
| 312页, [1] 页图版:图, 地图;23cm+手册1册 (31页 ; 22cm).-(视觉历史) |
| ISBN 978-7-5426-7138-7:CNY88.00 |
| 本书详述了诺曼底登陆、从诺曼底滩头向内陆推进、解放巴黎、“龙骑兵行动”、“市场花园行动”、“突出部战役”、强渡莱茵河等一系列重大战役。 |
| ● |
| 相关链接 |
|
|
|
正题名:第三帝国的灭亡
索取号:K516.44/11
 
预约/预借
| 序号 | 登录号 | 条形码 | 馆藏地/架位号 | 状态 | 备注 |
| 1 | 2000881189 | 2000881189 | 第三书库/ [索取号:K516.44/11] | 在馆 | |
| 2 | 2000881190 | 2000881190 | 第三书库/ [索取号:K516.44/11] | 在馆 | |
| 3 | 2000881191 | 2000881191 | 第三书库/ [索取号:K516.44/11] | 在馆 |